Innocent until interrogated (Record no. 121064)
[ view plain ]
| 000 -LEADER | |
|---|---|
| fixed length control field | 02114nam a2200361 a 4500 |
| 082 04 - DEWEY DECIMAL CLASSIFICATION NUMBER | |
| Classification number | 364.152/309791776 |
| 100 1# - MAIN ENTRY--AUTHOR NAME | |
| Personal name | Stuart, Gary L., |
| 245 10 - TITLE STATEMENT | |
| Title | Innocent until interrogated |
| 260 ## - PUBLICATION, DISTRIBUTION, ETC. (IMPRINT) | |
| Place of publication | Tucson : |
| Name of publisher | University of Arizona Press, |
| Year of publication | c2010. |
| 300 ## - PHYSICAL DESCRIPTION | |
| Number of Pages | xii, 340 p. : |
| Other physical details | ill. |
| 505 0# - FORMATTED CONTENTS NOTE | |
| Formatted contents note | A circle of death -- The sheriff's task force -- The man with many names -- A waiting line for confessions -- Recantations and indictments -- The forgotten murder weapon -- Political wrangling -- A murderer ten times over -- Johnathan Doody on trial -- Mitigation, aggravation, and sentencing -- Suing Maricopa County. |
| 520 ## - SUMMARY, ETC. | |
| Summary, etc | Recounts the events surrounding the murders of nine Buddhist temple members near Phoenix, Arizona, and the arrest of four men known as "The Tucson Four" who were coerced into confessing and held despite there being no physical evidence to connect them to the crime, and discusses how the suspects were treated by the media, even after the real killers were discovered. |
| 650 #0 - SUBJECT ADDED ENTRY--TOPICAL TERM | |
| Topical Term | Murder |
| Topical Term | Judicial error |
| 856 40 - ELECTRONIC LOCATION AND ACCESS | |
| Uniform Resource Identifier | http://site.ebrary.com/lib/rucke/Doc?id=10485533 |
No items available.
